| 000 | 01164cam a22002531i 4500 | ||
|---|---|---|---|
| 003 | SA-RiAUC | ||
| 005 | 20241211060835.0 | ||
| 008 | 241210s1985 le g 00000bara c | ||
| 040 |
_aSA-RiAUC _bara _cSA-RiAUC _erda |
||
| 082 | 0 | 4 |
_a239.9 _qSA-RiAUC |
| 090 |
_a239.9 _bف ي ر |
||
| 100 | 1 |
_aالفيروزآبادي، محمد بن يعقوب بن محمد، _d729-817 هجري _eمؤلف. |
|
| 245 | 1 | 2 |
_aالصلات والبشر في الصلاة على خير البشر / _cتأليف مجد الدين محمد بن يعقوب الفيروزآبادي ؛ قدم له وعلق عليه وخرج أحاديثه أبو أسماء إبراهيم بن إسماعيل آل عصر. |
| 250 | _aالطبعة الأولى. | ||
| 264 | 1 |
_aبيروت : _bدارالكتب العلمية، _c1985 |
|
| 300 |
_a207 صفحة ؛ _c24 سم |
||
| 336 |
_aنص _btxt _2rdacontent _3كتاب |
||
| 337 |
_aبدون وسيط _bn _2rdamedia |
||
| 338 |
_aمجلد _bnc _2rdacarrier |
||
| 650 | 7 |
_aالسيرة النبوية _2aucsh |
|
| 700 | 1 |
_aآل عصر، إبراهيم بن إسماعيل _eمقدم. |
|
| 942 |
_2ddc _cBOOK _n0 |
||
| 949 |
_aSA-JeALM _d241210 _uosman123 _n1 |
||
| 999 |
_c3286 _d3286 |
||